Discographie de Laylow - Statistiques

Statistiques générales
  • Ce quiz a été pris 361 fois
  • Le résultat moyen est 33 sur 97
Statistiques - réponses
Mercy % Correct
10'
85%
MEGATRON
74%
...DE BATARD
72%
LOGICIEL TRISTE
72%
Mercy
70%
Maladresse
68%
.RAW
68%
TRINITYVILLE
68%
Vent de l'est
68%
Digitalova
67%
PLUG
67%
DEHORS DANS LA NIGHT
64%
MILLION FLOWERZ
62%
POIZON
61%
BURNING MAN
59%
NAKRé
59%
VAMONOS
58%
HILLZ
57%
Prince de Sang-Mêlé
57%
LONGUE VIE...
56%
Hello .RAW-Z
55%
Swish
55%
Avenue
53%
Initialisation
53%
Ciel pleure
52%
Gogo
52%
PIRANHA BABY
52%
Elephant
51%
AKANIZER
50%
Villa sur la côte
50%
Oto
49%
Bionic
48%
Y2
48%
Ciudad
45%
Amy
43%
Bad Romance
43%
Visa
43%
Z-machine
42%
Médaille
41%
Pk tu m'intéresse
40%
Wavy
40%
Bruit de couloir
39%
Démons
39%
Lime
39%
No Love
39%
Ignore
38%
Hi-Fi
36%
Draxter
35%
Jenny From da Block
35%
I Don't : Need U / Don't Know
34%
Malentendu
33%
Action Men
32%
Amor
32%
Gtmotors
30%
Digital Vice City
29%
Toyotarola
29%
Experience
28%
Mieux vaut pas regarder, Pt. 1
27%
Mieux vaut pas regarder, Pt. 2
26%
Promi
26%
Tentative de reconnexion
24%
Menu principal
23%
Loco
22%
Il était une fois sous l'eau
20%
Manuel d'utilisation
20%
Elle aime
19%
SANG FROID
19%
Le plan
18%
Bluetooth
17%
Enlève le shirt (Interlude)
17%
A la vie à la mort
16%
SHOK
13%
Space Cake
12%
Digital Art / Pourquoi
11%
Pour moi
11%
Gangster & Gentleman
10%
Money Call
10%
Vroum Vroum
10%
Inside
9%
Fratello
7%
Western Union
7%
Divison Rouge
6%
Ma belle
6%
Slowdown
6%
Snake
5%
Envy
4%
Operate
4%
S.R.N.A
4%
Mama Miam
3%
T'en veux encore
3%
Floatin'
1%
Hard
1%
Ounga
1%
Spinning
1%
Venus
1%
Bando / Gshit
0%
Ultralight
0%
Aucun quiz correspondant
Distribution des résultats
% des personnes avec chaque résultat
Percentile par nombre de réponses
Votre historique - résultats
Vous n’avez pas pris ce quiz